Designing with TTL integrated circuits (Record no. 66579)

000 -LEADER
fixed length control field 00475nam a22001697a 4500
003 - CONTROL NUMBER IDENTIFIER
control field NUST - PNEC
005 - DATE AND TIME OF LATEST TRANSACTION
control field 20170116180957.0
008 - FIXED-LENGTH DATA ELEMENTS--GENERAL INFORMATION
fixed length control field 150912b xxu||||| |||| 00| 0 eng d
020 ## - INTERNATIONAL STANDARD BOOK NUMBER
International Standard Book Number 07Y857938
040 ## - CATALOGING SOURCE
Transcribing agency LIBRARY
082 ## - DEWEY DECIMAL CLASSIFICATION NUMBER
Classification number 621.38173 MOR
100 ## - MAIN ENTRY--PERSONAL NAME
9 (RLIN) 9312
Personal name Miller, John Robert
245 ## - TITLE STATEMENT
Title Designing with TTL integrated circuits
Statement of responsibility, etc. John Robert Miller and Robert Loyd Morris
260 ## - PUBLICATION, DISTRIBUTION, ETC.
Date of publication, distribution, etc. c.1975
650 ## - SUBJECT ADDED ENTRY--TOPICAL TERM
9 (RLIN) 9315
Topical term or geographic name entry element Integrated circuits
General subdivision EE
942 ## - ADDED ENTRY ELEMENTS (KOHA)
Source of classification or shelving scheme
Koha item type Book
Holdings
Withdrawn status Lost status Source of classification or shelving scheme Damaged status Not for loan Permanent Location Current Location Shelving location Date acquired Total Checkouts Full call number Barcode Date last seen Price effective from Koha item type
          Pakistan Navy Engineering College (PNEC) Pakistan Navy Engineering College (PNEC)       621.38173 MOR PNECLIB-010456 09/12/2015   Book
          Pakistan Navy Engineering College (PNEC) Pakistan Navy Engineering College (PNEC)       621.38173 MOR PNECLIB-010460 09/29/2015   Book
          Pakistan Navy Engineering College (PNEC) Pakistan Navy Engineering College (PNEC)       621.38173 MOR PNECLIB-010457 09/29/2015   Book
          Pakistan Navy Engineering College (PNEC) Pakistan Navy Engineering College (PNEC)       621.38173 MOR PNECLIB-013069 09/29/2015   Book
          Pakistan Navy Engineering College (PNEC) Pakistan Navy Engineering College (PNEC)       621.38173 MOR PNECLIB-010458 09/29/2015   Book
          Pakistan Navy Engineering College (PNEC) Pakistan Navy Engineering College (PNEC)       621.38173 MOR PNECLIB-010459 09/29/2015   Book
          Pakistan Navy Engineering College (PNEC) Pakistan Navy Engineering College (PNEC)       621.38173 MOR PNECLIB-013601 09/29/2015   Book
          Pakistan Navy Engineering College (PNEC) Pakistan Navy Engineering College (PNEC)       621.38173 MOR PNECLIB-011933 09/29/2015   Book
© 2023 Central Library, National University of Sciences and Technology. All Rights Reserved.